Einstein's mistakes (Record no. 17546)
[ view plain ]
| 000 -LEADER | |
|---|---|
| fixed length control field | 00597nam a2200193Ia 4500 |
| 003 - CONTROL NUMBER IDENTIFIER | |
| control field | IN-BaIIA |
| 008 - FIXED-LENGTH DATA ELEMENTS--GENERAL INFORMATION | |
| fixed length control field | 211028s9999 xx 000 0 eng d |
| 020 ## - INTERNATIONAL STANDARD BOOK NUMBER | |
| International Standard Book Number | 978-0-393-06293-9 |
| 040 ## - CATALOGING SOURCE | |
| Transcribing agency | IIA Library |
| 080 ## - UNIVERSAL DECIMAL CLASSIFICATION NUMBER | |
| Universal Decimal Classification number | 92:530 |
| Item number | OHA |
| 100 ## - MAIN ENTRY--PERSONAL NAME | |
| Personal name | Ohanian, H. C |
| 9 (RLIN) | 33165 |
| 245 #0 - TITLE STATEMENT | |
| Title | Einstein's mistakes |
| Remainder of title | the human failings of genius |
| Statement of responsibility, etc. | H. C Ohanian |
| 260 ## - PUBLICATION, DISTRIBUTION, ETC. | |
| Place of publication, distribution, etc. | New York |
| Name of publisher, distributor, etc. | W. W Norton |
| Date of publication, distribution, etc. | 2008 |
| 300 ## - PHYSICAL DESCRIPTION | |
| Extent | xix, 394p. |
| 650 ## - SUBJECT ADDED ENTRY--TOPICAL TERM | |
| Topical term or geographic name entry element | Physics - History |
| 9 (RLIN) | 2469 |
| 650 ## - SUBJECT ADDED ENTRY--TOPICAL TERM | |
| Topical term or geographic name entry element | Physics - Philosophy |
| 9 (RLIN) | 13218 |
| 650 ## - SUBJECT ADDED ENTRY--TOPICAL TERM | |
| Topical term or geographic name entry element | Science - History |
| 9 (RLIN) | 2970 |
| 942 ## - ADDED ENTRY ELEMENTS (KOHA) | |
| Koha item type | Books |
| Withdrawn status | Lost status | Damaged status | Not for loan | Home library | Current library | Shelving location | Date acquired | Cost, normal purchase price | Total Checkouts | Full call number | Barcode | Date last seen | Cost, replacement price | Price effective from | Koha item type | Purchase Price |
|---|---|---|---|---|---|---|---|---|---|---|---|---|---|---|---|---|
| IIA Library-Bangalore | IIA Library-Bangalore | General Stacks | 19/11/2009 | 4642.65 | 92:530/ OHA | 18468 | 05/11/2021 | 4642.65 | 19/11/2009 | Books | Rs. 4642.65 |